000 00967cam a2200265 a 4500
999 _c126191
_d126191
001 442347
003 ARRUPE
005 20170223110434.0
008 831020s1980 za bd 000 0 eng
010 _a 81980548
040 _aDLC
_cDLC
_dDLC
050 0 0 _aPL8741.2
_b.T48 1980
082 0 0 _a496/.39
_219
100 1 _aThompson, John.
_928971
245 1 0 _aChitonga-English phrasebook /
_ccompiled by John Thompson.
260 _aLusaka :
_bThe Teresianum Press,
_c1979
300 _a97 p. ;
_c21 cm.
504 _aBibliography: p. 97.
650 0 _aTonga language
_xPhrases
_928972
906 _a7
_bcbc
_corignew
_d3
_encip
_f19
_gy-gencatlg
942 _2lcc
_cMONOGRAPH